| 000 | 00793 a2200241 4500 | ||
|---|---|---|---|
| 005 | 20260316103041.0 | ||
| 020 | _a9781844452538 | ||
| 050 | 0 | 0 |
_aHV11 _bPAR 2010 |
| 100 | 1 |
_aParker, Jonathan, _d1960- _eauthor |
|
| 245 | 1 | 0 |
_aEffective practice learning in social work / _cJonathan Parker. |
| 250 | _aSecond edition | ||
| 264 |
_aExeter : _bLearning Matters, _c2010 |
||
| 300 |
_a157 pages _billustrations |
||
| 336 |
_atext _btxt _2rdacontent |
||
| 337 |
_aunmediated _bn _2rdamedia |
||
| 338 |
_avolume _bnc _2rdacarrier |
||
| 440 | 0 | _aTransforming social work practice | |
| 504 | _aIncludes bibliographical references (p. 141-150) and index. | ||
| 650 | 0 | _aSocial work education. | |
| 650 | 0 |
_aSocial service _xFieldwork. |
|
| 650 | 0 | _aPracticums. | |
| 942 |
_2lcc _cBK _esecond _h11 _iPAR _kHV |
||
| 999 |
_c11715 _d11715 |
||